The global politics of combating nuclear terrorism : (Record no. 15882)

000 -LEADER
fixed length control field 01920nam a2200253 a 4500
001 - CONTROL NUMBER
control field ASIN0415494842
005 - DATE AND TIME OF LATEST TRANSACTION
control field 20170105102927.0
008 - FIXED-LENGTH DATA ELEMENTS--GENERAL INFORMATION
fixed length control field 131212s2010 xxu eng d
020 ## - INTERNATIONAL STANDARD BOOK NUMBER
International Standard Book Number 0415494842 (hardcover)
Terms of availability $160.00
020 ## - INTERNATIONAL STANDARD BOOK NUMBER
International Standard Book Number 9780415494847 (hardcover)
040 ## - CATALOGING SOURCE
Original cataloging agency 0
050 04 - LIBRARY OF CONGRESS CALL NUMBER
Classification number JZ5675
082 04 - DEWEY DECIMAL CLASSIFICATION NUMBER
Classification number 327.1747
Author Mark GLO 2010
245 04 - TITLE STATEMENT
Title The global politics of combating nuclear terrorism :
Remainder of title a supply-side approach /
Statement of responsibility, etc. William C. Potter, Cristina Hansell.
260 ## - PUBLICATION, DISTRIBUTION, ETC.
Place of publication, distribution, etc. [S.l.] :
Name of publisher, distributor, etc. Routledge,
Date of publication, distribution, etc. 2010.
300 ## - PHYSICAL DESCRIPTION
Extent 200 p. ;
Dimensions 25 cm.
520 ## - SUMMARY, ETC.
Summary, etc. The most difficult challenge for a terrorist organization seeking to build a nuclear weapon or improvised nuclear device is obtaining fissile material, either plutonium or highly enriched uranium (HEU). Experts acknowledge that obtaining HEU, uranium that has been processed to increase the proportion of the U-235 isotope to over 20%, is the most difficult challenge facing a state or non-state actor seeking to build a nuclear explosive. The large stocks of HEU in civilian use, many not adequately protected, are thus one of the greatest security risks facing the global community at present. This book contains chapters examining the various uses for this material and possible alternatives; the threat posed by this material; the economic, political and strategic obstacles to international efforts to end the use of HEU for commercial and research purposes; as well as new national and international measures that should be taken to further the elimination of HEU. This book was published as a special issue of The Nonproliferation Review .
650 #0 - SUBJECT ADDED ENTRY--TOPICAL TERM
Topical term or geographic name entry element Nuclear disarmament--International cooperation
650 #0 - SUBJECT ADDED ENTRY--TOPICAL TERM
Topical term or geographic name entry element Nuclear nonproliferation--International cooperation
700 1# - ADDED ENTRY--PERSONAL NAME
Personal name Hansell, Cristina.
700 1# - ADDED ENTRY--PERSONAL NAME
Personal name Potter, William C.
856 40 - ELECTRONIC LOCATION AND ACCESS
Materials specified Amazon.com
Uniform Resource Identifier <a href="http://www.amazon.com/exec/obidos/ASIN/0415494842/chopaconline-20">http://www.amazon.com/exec/obidos/ASIN/0415494842/chopaconline-20</a>
942 ## - ADDED ENTRY ELEMENTS (KOHA)
Source of classification or shelving scheme
Koha item type Book
Holdings
Withdrawn status Lost status Damaged status Not for loan Collection code Permanent Location Current Location Shelving location Date acquired Total Checkouts Full call number Barcode Date last seen Price effective from Koha item type
          Centre for International Peace & Stability (CIPS) Centre for International Peace & Stability (CIPS) General Stacks 09/16/2013   327.1747 GLO 2010 CIPS0001093 07/18/2014 01/05/2017 Book
© 2023 Central Library, National University of Sciences and Technology. All Rights Reserved.